000 00306nam a22001217a 4500
082 _a823
_bSIM/H
100 _aFRANCESCA SIMON
245 _aHORRID HENRY
_bHOW TO SURVIVE CHRISTMAS CHAOS
260 _aGREAT BRITIAN
_bORION
_c2011
300 _a73
650 _aCHILDREN'S STORY BOOK
_zUNITED KINGDOM
942 _cBK
999 _c109
_d109